[Event "Oberliga Ost B 2018 2019"]
[Site "?"]
[Date "2018.11.10"]
[Round "2.1"]
[White "Strache, Michael"]
[Black "Konopka, Michal"]
[Result "1/2-1/2"]
[WhiteElo "2258"]
[BlackElo "2367"]
[PlyCount "127"]
[EventDate "2018.10.21"]
[EventType "team-tourn"]
[EventCountry "GER"]
[WhiteTeam "Sangerhausen SV"]
[BlackTeam "Schoeneck SF"]
[WhiteTeamCountry "GER"]
[BlackTeamCountry "GER"]

1. e4 d6 2. d4 Nf6 3. Nc3 g6 4. h3 Bg7 5. Nf3 c5 6. d5 O-O 7. Bd3 e6 8. O-O
exd5 9. exd5 Na6 10. Re1 Nc7 11. Bf1 a6 12. a4 b6 13. Bg5 h6 14. Bh4 Bb7 15.
Bc4 Qd7 16. Qd3 Rfe8 17. Rxe8+ Rxe8 18. Rb1 Nh5 19. Bg3 Nxg3 20. fxg3 Qe7 21.
Kf2 f5 22. Qd2 Qf7 23. Rd1 g5 24. Kg1 Bc8 25. Rf1 Bb7 26. Rd1 Qd7 27. Qd3 Bxc3
28. Qxc3 b5 29. axb5 axb5 30. Ba2 Ra8 31. Bb1 Bxd5 32. Qf6 Qe6 33. Qxe6+ Bxe6
34. Rxd6 Ra1 35. Rc6 Rxb1+ 36. Kh2 g4 37. Nh4 Rxb2 38. c3 gxh3 39. Rxc7 hxg2
40. Rxc5 Kf7 41. Nxf5 Kf6 42. g4 Bc4 43. Nxh6 Bd3 44. g5+ Kg6 45. Re5 Rc2 46.
Ng4 Rxc3 47. Re3 Rc1 48. Kxg2 Bf5 49. Nh6 b4 50. Nxf5 Kxf5 51. Rb3 Rc4 52. Kf2
Rg4 53. Ke2 Ke5 54. Kd2 Kd5 55. Kc1 Kc4 56. Rf3 Rg1+ 57. Kb2 Rg2+ 58. Kb1 Kb5
59. g6 Rxg6 60. Rh3 Rg4 61. Kb2 Ka4 62. Rf3 b3 63. Rf8 Rg2+ 64. Kb1 1/2-1/2

[Event "Oberliga Ost B 2018 2019"]
[Site "?"]
[Date "2018.11.10"]
[Round "2.2"]
[White "Marchio, Enrico"]
[Black "Engelmann, Jakob"]
[Result "1-0"]
[WhiteElo "2297"]
[BlackElo "2281"]
[PlyCount "63"]
[EventDate "2018.10.21"]
[EventType "team-tourn"]
[EventCountry "GER"]
[WhiteTeam "Schoeneck SF"]
[BlackTeam "Sangerhausen SV"]
[WhiteTeamCountry "GER"]
[BlackTeamCountry "GER"]

1. Nf3 c5 2. c4 g6 3. g3 Bg7 4. Bg2 Nf6 5. O-O Nc6 6. d4 cxd4 7. Nxd4 Nxd4 8.
Qxd4 O-O 9. Nc3 d6 10. Qd3 Bf5 11. e4 Bd7 12. Bd2 Rb8 13. a4 a5 14. h3 Be6 15.
b3 Nd7 16. Rab1 Nc5 17. Qe3 Bd7 18. f4 Bc6 19. Kh2 b6 20. Rf2 Qc7 21. Nd5 Qb7
22. b4 axb4 23. Rxb4 Nxa4 24. e5 Qd7 25. Nxe7+ Qxe7 26. Bxc6 Nc5 27. Bc3 Rfc8
28. Bd5 Re8 29. f5 Kh8 30. fxg6 fxg6 31. Rf7 Qd8 32. Rxg7 1-0

[Event "Oberliga Ost B 2018 2019"]
[Site "?"]
[Date "2018.11.10"]
[Round "2.3"]
[White "Heyder, Florian"]
[Black "Heinatz, Thomas"]
[Result "0-1"]
[WhiteElo "2218"]
[BlackElo "2294"]
[PlyCount "54"]
[EventDate "2018.10.21"]
[EventType "team-tourn"]
[EventCountry "GER"]
[WhiteTeam "Sangerhausen SV"]
[BlackTeam "Schoeneck SF"]
[WhiteTeamCountry "GER"]
[BlackTeamCountry "GER"]

1. d4 Nf6 2. Nc3 c5 3. d5 g6 4. e4 d6 5. f4 Bg7 6. Nf3 O-O 7. Bd3 e6 8. O-O
exd5 9. Nxd5 Nxd5 10. exd5 Na6 11. c4 b5 12. cxb5 Nb4 13. Bc4 a6 14. a3 axb5
15. Bxb5 Bf5 16. Rf2 Qb6 17. Bc4 Rfe8 18. Qb3 Qc7 19. Kf1 Re4 20. Ne1 Bd4 21.
Re2 Rxe2 22. Bxe2 Qb7 23. Bf3 Qb5+ 24. Be2 Qb7 25. Bf3 Re8 26. Be2 Qe7 27. Qd1
Qh4 0-1

[Event "Oberliga Ost B 2018 2019"]
[Site "?"]
[Date "2018.11.10"]
[Round "2.4"]
[White "Nazarenus, Moritz"]
[Black "Hillmann, Michael"]
[Result "1-0"]
[WhiteElo "2269"]
[BlackElo "2167"]
[PlyCount "95"]
[EventDate "2018.10.21"]
[EventType "team-tourn"]
[EventCountry "GER"]
[WhiteTeam "Schoeneck SF"]
[BlackTeam "Sangerhausen SV"]
[WhiteTeamCountry "GER"]
[BlackTeamCountry "GER"]

1. d4 d5 2. Nf3 Nf6 3. c4 c6 4. e3 a6 5. a4 e6 6. Be2 c5 7. O-O Nc6 8. b3 Be7
9. Bb2 O-O 10. Nbd2 cxd4 11. exd4 dxc4 12. bxc4 Qc7 13. Bd3 Rd8 14. Qe2 Bd7 15.
Rfe1 Be8 16. g3 Rac8 17. Rec1 Kf8 18. Ne4 Nb4 19. Bb1 Bc6 20. d5 exd5 21. Nxf6
Bxf6 22. Bxf6 gxf6 23. Qd2 dxc4 24. Qxb4+ Qe7 25. Qxe7+ Kxe7 26. Re1+ Kd6 27.
Nd4 Bd5 28. Bf5 Rc7 29. Bxh7 Kc5 30. Nc2 b5 31. axb5 axb5 32. Reb1 Bf3 33. Bf5
Rd2 34. Ne3 Rb7 35. h4 b4 36. g4 b3 37. h5 c3 38. h6 Rb8 39. h7 b2 40. Ra4 Be2
41. Kg2 Rh8 42. Ra7 Kb4 43. Rxf7 Bd3 44. Rb7+ Ka4 45. Bxd3 Rxd3 46. Nc4 Rd4 47.
Nxb2+ Ka3 48. Ra1# 1-0

[Event "Oberliga Ost B 2018 2019"]
[Site "?"]
[Date "2018.11.10"]
[Round "2.5"]
[White "Hellwig, Tobias"]
[Black "Meyer, Kai Christian"]
[Result "1-0"]
[WhiteElo "2196"]
[BlackElo "2214"]
[PlyCount "77"]
[EventDate "2018.10.21"]
[EventType "team-tourn"]
[EventCountry "GER"]
[WhiteTeam "Sangerhausen SV"]
[BlackTeam "Schoeneck SF"]
[WhiteTeamCountry "GER"]
[BlackTeamCountry "GER"]

1. d4 Nf6 2. c4 d6 3. Nf3 Nbd7 4. Nc3 g6 5. g3 Bg7 6. Bg2 O-O 7. O-O c6 8. Bf4
Nh5 9. Be3 Nb6 10. b3 d5 11. cxd5 Nxd5 12. Nxd5 Qxd5 13. Rc1 Qa5 14. a4 Nf6 15.
Bd2 Qb6 16. a5 Qc7 17. a6 Rd8 18. Qe1 Nd5 19. e4 Nb6 20. d5 e5 21. Bb4 Qd7 22.
d6 bxa6 23. Ng5 Bh6 24. f4 Bxg5 25. fxg5 a5 26. Ba3 a4 27. bxa4 Nxa4 28. Qa5 c5
29. Rc4 Nb6 30. Rxc5 Qxd6 31. Rd5 Qc7 32. Rc1 Rxd5 33. exd5 Qb7 34. d6 e4 35.
Rc7 Qa6 36. Qe5 Nd7 37. Qe8+ Kg7 38. Bb2+ f6 39. Bxf6# 1-0

[Event "Oberliga Ost B 2018 2019"]
[Site "?"]
[Date "2018.11.10"]
[Round "2.6"]
[White "Del Rio, Roland"]
[Black "Duchrow, Oliver"]
[Result "1/2-1/2"]
[WhiteElo "2205"]
[BlackElo "2103"]
[PlyCount "70"]
[EventDate "2018.10.21"]
[EventType "team-tourn"]
[EventCountry "GER"]
[WhiteTeam "Schoeneck SF"]
[BlackTeam "Sangerhausen SV"]
[WhiteTeamCountry "GER"]
[BlackTeamCountry "GER"]

1. e4 e5 2. Nf3 d6 3. d4 exd4 4. Nxd4 Nf6 5. Nc3 Be7 6. Bc4 O-O 7. O-O Nxe4 8.
Nxe4 d5 9. Bd3 dxe4 10. Bxe4 Re8 11. Bf3 Bc5 12. c3 Qf6 13. Qa4 Bd7 14. Qc4
Bxd4 15. cxd4 Nc6 16. Be3 Rad8 17. Rfd1 Qg6 18. Rac1 Bg4 19. Bxg4 Qxg4 20. Qb5
Ne7 21. h3 Qc8 22. d5 c6 23. dxc6 Rxd1+ 24. Rxd1 Nxc6 25. Bf4 h6 26. Kh2 a6 27.
Qb6 Re7 28. Qc5 Qe6 29. a3 Qb3 30. Rd8+ Nxd8 31. Qxe7 Nc6 32. Qe8+ Kh7 33. Qe4+
Kg8 34. Qe8+ Kh7 35. Qe4+ Kg8 1/2-1/2

[Event "Oberliga Ost B 2018 2019"]
[Site "?"]
[Date "2018.11.10"]
[Round "2.7"]
[White "Buerckner, Georg"]
[Black "Mueller, Achim"]
[Result "0-1"]
[WhiteElo "2047"]
[BlackElo "2119"]
[PlyCount "98"]
[EventDate "2018.10.21"]
[EventType "team-tourn"]
[EventCountry "GER"]
[WhiteTeam "Sangerhausen SV"]
[BlackTeam "Schoeneck SF"]
[WhiteTeamCountry "GER"]
[BlackTeamCountry "GER"]

1. e4 c5 2. c3 g6 3. d4 cxd4 4. cxd4 d5 5. exd5 Nf6 6. Nf3 Bg7 7. Nc3 O-O 8.
Be2 Nxd5 9. O-O Nc6 10. Be3 Be6 11. Ne4 Bf5 12. Ng3 Be6 13. Bb5 Qb6 14. Bxc6
Qxc6 15. Rc1 Qa6 16. a3 Rac8 17. Qd2 Nxe3 18. fxe3 b6 19. d5 Rfd8 20. e4 Bd7
21. Qb4 Rxc1 22. Rxc1 Rc8 23. Re1 Rc5 24. e5 Qb5 25. e6 fxe6 26. dxe6 Be8 27.
Qf4 Qxb2 28. Qb8 Qb5 29. Qxa7 Kf8 30. Qb8 Rc6 31. Kh1 Qd5 32. Qf4+ Kg8 33. Qb8
Kf8 34. Qf4+ Kg8 35. Qe3 Rc5 36. h3 Bc6 37. Qf4 Be8 38. Qb8 Kf8 39. Qf4+ Kg8
40. Qb8 Kf8 41. Qxb6 Rc3 42. Qf2 Kg8 43. Qa7 Rxf3 44. gxf3 Bd4 45. Qxd4 Qxd4
46. Kg2 Bc6 47. Re2 Qd3 48. Rf2 Qxa3 49. Ne2 Qe3 0-1

[Event "Oberliga Ost B 2018 2019"]
[Site "?"]
[Date "2018.11.10"]
[Round "2.8"]
[White "Weiss, Matthias"]
[Black "Guenther, Christian"]
[Result "0-1"]
[WhiteElo "2032"]
[BlackElo "2152"]
[PlyCount "60"]
[EventDate "2018.10.21"]
[EventType "team-tourn"]
[EventCountry "GER"]
[WhiteTeam "Schoeneck SF"]
[BlackTeam "Sangerhausen SV"]
[WhiteTeamCountry "GER"]
[BlackTeamCountry "GER"]

1. e4 Nf6 2. e5 Nd5 3. d4 d6 4. Nf3 Bg4 5. Be2 Nc6 6. O-O e6 7. c4 Nb6 8. exd6
cxd6 9. d5 exd5 10. cxd5 Bxf3 11. gxf3 Ne5 12. Bb5+ Nbd7 13. f4 Ng6 14. Re1+
Be7 15. Nc3 O-O 16. Be3 Nf6 17. Kh1 a6 18. Bd3 b5 19. a3 Qd7 20. Rc1 Rac8 21.
Rg1 Rfe8 22. Qc2 Qb7 23. Bf5 Rc4 24. Qd3 Bf8 25. b3 Nxf4 26. Bxf4 Rxf4 27. Rg5
Re5 28. Rcg1 h6 29. Rxg7+ Bxg7 30. Qg3 Nh5 0-1

[Event "Oberliga Ost B 2018 2019"]
[Site "?"]
[Date "2018.11.11"]
[Round "3.1"]
[White "Teske, Henrik"]
[Black "Nguyen, Huy Dat"]
[Result "1-0"]
[WhiteElo "2485"]
[BlackElo "2202"]
[PlyCount "93"]
[EventDate "2018.10.21"]
[EventType "team-tourn"]
[EventCountry "GER"]
[WhiteTeam "Erfurt SV Empor"]
[BlackTeam "Erfurt SV Medizin"]
[WhiteTeamCountry "GER"]
[BlackTeamCountry "GER"]

1. e4 c5 2. Nf3 e6 3. c4 a6 4. Nc3 d6 5. d4 cxd4 6. Nxd4 Nf6 7. Be2 Be7 8. O-O
O-O 9. Be3 Qc7 10. f3 Nbd7 11. Qd2 b6 12. Rfc1 Bb7 13. Bf1 Rfe8 14. b4 Rac8 15.
Na4 Qb8 16. Rab1 Ba8 17. Kh1 g6 18. a3 Bd8 19. Qf2 d5 20. exd5 exd5 21. c5 b5
22. Nb2 Bc7 23. g3 Ne5 24. Bh3 Rcd8 25. Bg5 Kg7 26. Rc3 h6 27. Bxf6+ Kxf6 28.
a4 Kg7 29. axb5 axb5 30. Re3 Nc4 31. Rxe8 Rxe8 32. Nd1 Re5 33. Nc3 Rh5 34. Kg2
Bf4 35. gxf4 Qxf4 36. Re1 Bb7 37. Nce2 Qg5+ 38. Ng3 Rh4 39. Bd7 Kh7 40. c6 Ba6
41. c7 Ne5 42. Bxb5 Bc8 43. Bf1 Qf6 44. Qe3 Bh3+ 45. Kh1 Nc4 46. Qe7 Qxd4 47.
Bxh3 1-0

[Event "Oberliga Ost B 2018 2019"]
[Site "?"]
[Date "2018.11.11"]
[Round "3.2"]
[White "Juhasz, Barbara"]
[Black "Urban, Lars"]
[Result "0-1"]
[WhiteElo "2214"]
[BlackElo "2183"]
[PlyCount "58"]
[EventDate "2018.10.21"]
[EventType "team-tourn"]
[EventCountry "GER"]
[WhiteTeam "Erfurt SV Medizin"]
[BlackTeam "Erfurt SV Empor"]
[WhiteTeamCountry "GER"]
[BlackTeamCountry "GER"]

1. e4 e6 2. d4 d5 3. Nc3 Nf6 4. Bg5 Bb4 5. exd5 exd5 6. Bd3 O-O 7. Nge2 h6 8.
Bh4 c6 9. a3 Bd6 10. Bg3 Re8 11. O-O Ne4 12. Nxe4 dxe4 13. Bc4 b5 14. Bb3 Bg4
15. Qd2 a5 16. a4 b4 17. Rfe1 Ra7 18. d5 Rd7 19. Bc4 Bxe2 20. Qxe2 Bxg3 21.
hxg3 Rd6 22. dxc6 Nxc6 23. Qh5 Re7 24. Re3 Rd2 25. Rae1 Rxc2 26. b3 Qd2 27. Qf5
Nd4 28. Qf4 Nf3+ 29. Kh1 Qxf2 0-1

[Event "Oberliga Ost B 2018 2019"]
[Site "?"]
[Date "2018.11.11"]
[Round "3.3"]
[White "Weishaeutel, Moritz"]
[Black "Wehner, Janis"]
[Result "1-0"]
[WhiteElo "2223"]
[BlackElo "2165"]
[PlyCount "103"]
[EventDate "2018.10.21"]
[EventType "team-tourn"]
[EventCountry "GER"]
[WhiteTeam "Erfurt SV Empor"]
[BlackTeam "Erfurt SV Medizin"]
[WhiteTeamCountry "GER"]
[BlackTeamCountry "GER"]

1. e4 c5 2. Nf3 Nc6 3. d4 cxd4 4. Nxd4 Nf6 5. Nc3 e5 6. Ndb5 d6 7. Bg5 a6 8.
Na3 b5 9. Nd5 Be7 10. Bxf6 Bxf6 11. c4 O-O 12. Nxf6+ Qxf6 13. cxb5 Nd4 14. Nc2
Bg4 15. Qd2 axb5 16. Nxd4 exd4 17. Bxb5 Qe5 18. Bc6 Rac8 19. Bd5 d3 20. Qxd3
Qxb2 21. O-O Be2 22. Qb1 Qd4 23. Re1 Bd3 24. Qd1 Rc2 25. Qf3 Bc4 26. Red1 Qc5
27. Bxc4 Qxc4 28. Qd3 Qxd3 29. Rxd3 Rb8 30. a4 Rbb2 31. Rf1 Ra2 32. e5 d5 33.
Rxd5 Kf8 34. g3 Rxa4 35. Rb1 Ra7 36. Rd8+ Ke7 37. Rh8 Ke6 38. Rxh7 g6 39. Rb5
Re2 40. Kg2 Rxe5 41. Rb6+ Kf5 42. Rh4 Re6 43. Rf4+ Ke5 44. Rb8 f6 45. h4 Raa6
46. Rg8 f5 47. h5 gxh5 48. Rg5 Rf6 49. Rxh5 Ke6 50. Rb4 Rg6 51. f4 Rf6 52. Rb5
1-0

[Event "Oberliga Ost B 2018 2019"]
[Site "?"]
[Date "2018.11.11"]
[Round "3.6"]
[White "Mueller Ludwig, Kristin"]
[Black "Rudnizki, Sergej"]
[Result "1/2-1/2"]
[WhiteElo "2007"]
[BlackElo "2145"]
[PlyCount "20"]
[EventDate "2018.10.21"]
[EventType "team-tourn"]
[EventCountry "GER"]
[WhiteTeam "Erfurt SV Medizin"]
[BlackTeam "Erfurt SV Empor"]
[WhiteTeamCountry "GER"]
[BlackTeamCountry "GER"]

1. e4 e5 2. Nf3 Nc6 3. Bb5 a6 4. Ba4 Nf6 5. d3 b5 6. Bb3 Be7 7. O-O d6 8. c3
O-O 9. Nbd2 h6 10. Re1 Nh7 1/2-1/2

[Event "Oberliga Ost B 2018 2019"]
[Site "?"]
[Date "2018.11.11"]
[Round "3.8"]
[White "Grund, Sebastian"]
[Black "Pichl, Michael"]
[Result "1-0"]
[WhiteElo "2037"]
[BlackElo "2032"]
[PlyCount "97"]
[EventDate "2018.10.21"]
[EventType "team-tourn"]
[EventCountry "GER"]
[WhiteTeam "Erfurt SV Medizin"]
[BlackTeam "Erfurt SV Empor"]
[WhiteTeamCountry "GER"]
[BlackTeamCountry "GER"]

1. d4 g6 2. Nf3 Bg7 3. c4 d6 4. g3 Bg4 5. Bg2 Nc6 6. e3 e5 7. d5 Nce7 8. Nc3
Nh6 9. Qa4+ Bd7 10. Qb3 b6 11. O-O O-O 12. Ng5 Qc8 13. Bd2 Rb8 14. f4 f6 15.
Nge4 Nf7 16. fxe5 Nxe5 17. Ne2 h6 18. Nd4 Kh7 19. Nc3 a6 20. Nce2 c5 21. dxc6
N7xc6 22. Rac1 Na5 23. Bxa5 bxa5 24. Qc3 Bh3 25. Bxh3 Qxh3 26. Nf4 Qd7 27. Nde6
Rfc8 28. b3 Bh8 29. Qc2 a4 30. Nd4 axb3 31. axb3 f5 32. Nd5 Ng4 33. Qd2 Qa7 34.
Rf4 Be5 35. h3 Bxd4 36. Qxd4 Qxd4 37. exd4 Rxb3 38. hxg4 Rxg3+ 39. Kf2 Rxg4 40.
Nf6+ Kg7 41. Nxg4 fxg4 42. Rxg4 g5 43. Ke3 Re8+ 44. Re4 Rb8 45. c5 dxc5 46.
dxc5 Rc8 47. c6 Rc7 48. Rd4 Kg6 49. Rd7 1-0

[Event "Oberliga Ost B 2018 2019"]
[Site "?"]
[Date "2018.11.11"]
[Round "3.1"]
[White "Zimmermann, Hendrik"]
[Black "Mueller, Maximilian"]
[Result "1-0"]
[WhiteElo "2204"]
[BlackElo "2324"]
[PlyCount "75"]
[EventDate "2018.10.21"]
[EventType "team-tourn"]
[EventCountry "GER"]
[WhiteTeam "Frankfurt SC Koenig Nied"]
[BlackTeam "Gernsheim SK"]
[WhiteTeamCountry "GER"]
[BlackTeamCountry "GER"]

1. e4 e5 2. Bc4 Bc5 3. Nf3 Nc6 4. O-O Nf6 5. d3 d6 6. c3 a6 7. a4 Ba7 8. b4 Ne7
9. Re1 Ng6 10. Nbd2 O-O 11. Nf1 c6 12. Bb3 Nh5 13. d4 Nhf4 14. Ng3 Qf6 15. Nh5
Qe7 16. Nxf4 Nxf4 17. Bxf4 exf4 18. Qd3 Qf6 19. e5 dxe5 20. Nxe5 Be6 21. Bxe6
Qxe6 22. Re4 Rfd8 23. Qf3 a5 24. bxa5 Bb8 25. Nd3 Qc4 26. Nc5 Rxa5 27. Rae1 Rf8
28. Re8 f6 29. Rxf8+ Kxf8 30. Nd7+ Kg8 31. Qe4 Qf7 32. Nxb8 Ra8 33. Qxf4 Rxa4
34. Qd6 h6 35. Nd7 Rc4 36. h4 h5 37. Re7 Qg6 38. Qe6+ 1-0

[Event "Oberliga Ost B 2018 2019"]
[Site "?"]
[Date "2018.11.11"]
[Round "3.2"]
[White "Hebbering, Tom Elliot"]
[Black "Wege, Jochen"]
[Result "1-0"]
[WhiteElo "2199"]
[BlackElo "2288"]
[PlyCount "111"]
[EventDate "2018.10.21"]
[EventType "team-tourn"]
[EventCountry "GER"]
[WhiteTeam "Gernsheim SK"]
[BlackTeam "Frankfurt SC Koenig Nied"]
[WhiteTeamCountry "GER"]
[BlackTeamCountry "GER"]

1. d4 e6 2. c4 Nf6 3. g3 Bb4+ 4. Bd2 Qe7 5. Nf3 O-O 6. Bg2 Nc6 7. O-O Bxd2 8.
Qxd2 d6 9. Nc3 Re8 10. Rfd1 a5 11. d5 Nb8 12. dxe6 fxe6 13. Nd4 Na6 14. Ndb5
Nc5 15. b3 Qd8 16. Qc2 Bd7 17. a3 Bc6 18. Bxc6 bxc6 19. Nd4 Qd7 20. b4 Na6 21.
b5 cxb5 22. cxb5 Nc5 23. Na4 Nfe4 24. Nxc5 Nxc5 25. a4 e5 26. Nb3 Nxb3 27.
Qxb3+ Qf7 28. Qxf7+ Kxf7 29. Rac1 Re7 30. Rc6 Rd7 31. Rdc1 Ra7 32. e4 Ke7 33.
Kf1 Kd8 34. Ke2 Rb7 35. Ra6 c5 36. Rxa5 Rf7 37. Ra6 Rf6 38. Rd1 Ke7 39. h4 g6
40. Rd2 h6 41. Rb2 g5 42. hxg5 hxg5 43. a5 Kd7 44. Ra8 Kc7 45. Rg8 d5 46. Rg7+
Kb8 47. Rxb7+ Kxb7 48. exd5 g4 49. Ke3 c4 50. Ke4 Rf3 51. a6+ Kb6 52. Ra2 Rf8
53. a7 Ra8 54. d6 c3 55. d7 c2 56. Rxc2 1-0

[Event "Oberliga Ost B 2018 2019"]
[Site "?"]
[Date "2018.11.11"]
[Round "3.3"]
[White "Chandler, Patrick"]
[Black "Neumann, Martin"]
[Result "0-1"]
[WhiteElo "2138"]
[BlackElo "2067"]
[PlyCount "76"]
[EventDate "2018.10.21"]
[EventType "team-tourn"]
[EventCountry "GER"]
[WhiteTeam "Frankfurt SC Koenig Nied"]
[BlackTeam "Gernsheim SK"]
[WhiteTeamCountry "GER"]
[BlackTeamCountry "GER"]

1. Nf3 c5 2. e4 Nc6 3. g3 g6 4. Bg2 Bg7 5. O-O Nf6 6. d3 O-O 7. c3 d6 8. a3 Rb8
9. b4 c4 10. b5 Na5 11. Nbd2 cxd3 12. Ne1 Nd7 13. Bb2 Ne5 14. Rb1 Bg4 15. f3
Bd7 16. a4 a6 17. Ba1 axb5 18. axb5 Qb6+ 19. Rf2 Bh6 20. Nf1 d2 21. Nxd2 Be3
22. Qe2 Be6 23. Nc2 Bxf2+ 24. Qxf2 Qxf2+ 25. Kxf2 Nac4 26. Nb3 Ra8 27. Nbd4 Ra2
28. Kg1 Rfa8 29. f4 Ng4 30. f5 Bc8 31. Bf1 Nge3 32. Nxe3 Nxe3 33. Bb2 gxf5 34.
exf5 Nxf1 35. Kxf1 e5 36. fxe6 fxe6 37. Nc2 e5 38. Nb4 Bf5 0-1

[Event "Oberliga Ost B 2018 2019"]
[Site "?"]
[Date "2018.11.11"]
[Round "3.5"]
[White "Staller, Peter"]
[Black "Nies, Peter"]
[Result "1/2-1/2"]
[WhiteElo "2254"]
[BlackElo "2070"]
[PlyCount "40"]
[EventDate "2018.10.21"]
[EventType "team-tourn"]
[EventCountry "GER"]
[WhiteTeam "Frankfurt SC Koenig Nied"]
[BlackTeam "Gernsheim SK"]
[WhiteTeamCountry "GER"]
[BlackTeamCountry "GER"]

1. d4 e6 2. Nf3 Nf6 3. Bg5 d5 4. Nbd2 Be7 5. e3 O-O 6. Bd3 b6 7. Ne5 Bb7 8. c3
Ne4 9. Bxe7 Qxe7 10. Qc2 f6 11. Nef3 f5 12. Ne5 Nd7 13. Nxd7 Qxd7 14. Nf3 a5
15. Ne5 Qe7 16. O-O c5 17. f3 Nf6 18. a4 Nd7 19. Nxd7 Qxd7 20. Kh1 Ba6 1/2-1/2

[Event "Oberliga Ost B 2018 2019"]
[Site "?"]
[Date "2018.11.11"]
[Round "3.6"]
[White "Rosenberger, Frank"]
[Black "Graf, Gerd"]
[Result "1/2-1/2"]
[WhiteElo "2008"]
[BlackElo "2234"]
[PlyCount "111"]
[EventDate "2018.10.21"]
[EventType "team-tourn"]
[EventCountry "GER"]
[WhiteTeam "Gernsheim SK"]
[BlackTeam "Frankfurt SC Koenig Nied"]
[WhiteTeamCountry "GER"]
[BlackTeamCountry "GER"]

1. e4 d6 2. d4 Nf6 3. Nc3 g6 4. f3 c6 5. Be3 b5 6. Qd2 Qc7 7. a4 b4 8. Nb1 Qa5
9. Bd3 Bg7 10. Ne2 O-O 11. O-O Ba6 12. c3 Bxd3 13. Qxd3 Qa6 14. Qxa6 Nxa6 15.
Nd2 Rab8 16. c4 b3 17. Ra3 Nb4 18. Rxb3 Nc2 19. Bg5 h6 20. Bh4 Rxb3 21. Nxb3
Rb8 22. Nec1 Ne3 23. Rf2 g5 24. Bg3 Nh5 25. c5 Nxg3 26. hxg3 dxc5 27. dxc5 Nc4
28. Rc2 Nxb2 29. Rd2 Nxa4 30. Rd7 a5 31. f4 Bb2 32. Kf2 Bxc1 33. Nxc1 Nxc5 34.
Rxe7 Rb1 35. Ne2 Kf8 36. Ra7 Nxe4+ 37. Ke3 f5 38. g4 Rb3+ 39. Kd4 Rb2 40. Ke3
Nd6 41. gxf5 Nxf5+ 42. Kd3 Nd6 43. fxg5 hxg5 44. Rxa5 Nb5 45. Ra6 Ke7 46. Rxc6
Rxe2 47. Rc5 Rxg2 48. Rxb5 Kf6 49. Ke3 Kg6 50. Kf3 Ra2 51. Rb3 Kh5 52. Kg3 Ra1
53. Kg2 Kh4 54. Rb4+ g4 55. Rb2 Ra3 56. Rc2 1/2-1/2

[Event "Oberliga Ost B 2018 2019"]
[Site "?"]
[Date "2018.11.11"]
[Round "3.7"]
[White "Perlitz, Sven"]
[Black "Wenner, Frank"]
[Result "0-1"]
[WhiteElo "2102"]
[BlackElo "2077"]
[PlyCount "78"]
[EventDate "2018.10.21"]
[EventType "team-tourn"]
[EventCountry "GER"]
[WhiteTeam "Frankfurt SC Koenig Nied"]
[BlackTeam "Gernsheim SK"]
[WhiteTeamCountry "GER"]
[BlackTeamCountry "GER"]

1. e4 c5 2. c3 Nf6 3. e5 Nd5 4. Nf3 Nc6 5. g3 d6 6. exd6 Bg4 7. Bg2 e6 8. Qa4
Bf5 9. Ne5 Bxd6 10. Nxc6 Qd7 11. Na3 bxc6 12. Be4 O-O 13. O-O Bxe4 14. Qxe4 f5
15. Qg2 f4 16. d3 Rf6 17. Nc4 Bc7 18. Nd2 fxg3 19. hxg3 Nf4 20. gxf4 Rg6 21.
Qxg6 hxg6 22. Ne4 Qxd3 23. f3 c4 24. Kg2 Bb6 25. Bd2 Rd8 26. Kg3 Qc2 27. Rad1
Rd5 28. Rh1 Qxb2 29. Rh2 Rh5 30. Re2 Qxa2 31. Ng5 Qc2 32. Rde1 Bc7 33. Kg2 e5
34. fxe5 Qf5 35. f4 Qg4+ 36. Kf1 Rh1+ 37. Kf2 Bb6+ 38. Be3 Qxf4+ 39. Nf3 Rh2+
0-1

[Event "Oberliga Ost B 2018 2019"]
[Site "?"]
[Date "2018.11.11"]
[Round "3.8"]
[White "Mazurek, Robert"]
[Black "Goll, Christof"]
[Result "1-0"]
[WhiteElo "2126"]
[BlackElo "2055"]
[PlyCount "53"]
[EventDate "2018.10.21"]
[EventType "team-tourn"]
[EventCountry "GER"]
[WhiteTeam "Gernsheim SK"]
[BlackTeam "Frankfurt SC Koenig Nied"]
[WhiteTeamCountry "GER"]
[BlackTeamCountry "GER"]

1. d4 e6 2. c4 d5 3. Nc3 Be7 4. Nf3 Nf6 5. g4 Bb4 6. Qa4+ Nc6 7. Ne5 Bd7 8.
Nxd7 Qxd7 9. e3 O-O-O 10. a3 Bxc3+ 11. bxc3 e5 12. c5 Nxg4 13. h3 Nf6 14. Rb1
Rde8 15. f3 exd4 16. cxd4 Ne5 17. Qxa7 Nxf3+ 18. Kd1 Kd8 19. Rxb7 Ne4 20. Kc2
Qf5 21. Rxc7 Nxc5+ 22. Kd1 Nd7 23. Bb5 Nfe5 24. dxe5 Qf3+ 25. Kd2 Ke7 26. Rxd7+
Kf8 27. Rxf7+ 1-0

[Event "Oberliga Ost B 2018 2019"]
[Site "?"]
[Date "2018.11.11"]
[Round "3.2"]
[White "Nothnagel, Holger"]
[Black "Geske, Julian"]
[Result "1/2-1/2"]
[WhiteElo "2305"]
[BlackElo "2382"]
[PlyCount "24"]
[EventDate "2018.10.21"]
[EventType "team-tourn"]
[EventCountry "GER"]
[WhiteTeam "Griesheim SV II"]
[BlackTeam "Wiesbadener SV"]
[WhiteTeamCountry "GER"]
[BlackTeamCountry "GER"]

1. e4 e5 2. Nf3 Nc6 3. Nc3 Nf6 4. d4 exd4 5. Nxd4 Bb4 6. Nxc6 bxc6 7. Bd3 O-O
8. O-O d5 9. exd5 cxd5 10. h3 h6 11. Qf3 Bd6 12. Nb5 Bc5 1/2-1/2

[Event "Oberliga Ost B 2018 2019"]
[Site "?"]
[Date "2018.11.11"]
[Round "3.3"]
[White "Gottschalk, Jens"]
[Black "Flach, Erich"]
[Result "1/2-1/2"]
[WhiteElo "2293"]
[BlackElo "2110"]
[PlyCount "29"]
[EventDate "2018.10.21"]
[EventType "team-tourn"]
[EventCountry "GER"]
[WhiteTeam "Wiesbadener SV"]
[BlackTeam "Griesheim SV II"]
[WhiteTeamCountry "GER"]
[BlackTeamCountry "GER"]

1. d4 Nf6 2. c4 c5 3. d5 e6 4. Nc3 exd5 5. cxd5 d6 6. g3 g6 7. Bg2 Bg7 8. Nf3
O-O 9. O-O Nbd7 10. a4 a6 11. Nd2 Re8 12. h3 Rb8 13. Nc4 Ne5 14. Na3 Nh5 15. e4
1/2-1/2

[Event "Oberliga Ost B 2018 2019"]
[Site "?"]
[Date "2018.11.11"]
[Round "3.4"]
[White "Schnitzspan, Lothar"]
[Black "Ress, Tamas"]
[Result "1-0"]
[WhiteElo "2269"]
[BlackElo "2256"]
[PlyCount "67"]
[EventDate "2018.10.21"]
[EventType "team-tourn"]
[EventCountry "GER"]
[WhiteTeam "Griesheim SV II"]
[BlackTeam "Wiesbadener SV"]
[WhiteTeamCountry "GER"]
[BlackTeamCountry "GER"]

1. Nf3 f5 2. b3 Nf6 3. Bb2 d6 4. d4 g6 5. e3 Bg7 6. Nbd2 O-O 7. Bd3 Nc6 8. O-O
Nb4 9. Bc4+ d5 10. Be2 Ne4 11. Ne5 Nc6 12. Nxc6 bxc6 13. Nxe4 fxe4 14. f3 exf3
15. Bxf3 e5 16. dxe5 Qg5 17. Bxd5+ cxd5 18. Qxd5+ Be6 19. Qxe6+ Kh8 20. Bd4
Rfe8 21. Qc6 Bxe5 22. Rad1 Rad8 23. Rd3 Bxd4 24. exd4 Re2 25. Rg3 Qe7 26. c3
Rf8 27. Rxf8+ Qxf8 28. Rf3 Qa3 29. Qf6+ Kg8 30. Qd8+ Kg7 31. Qxc7+ Re7 32. Qf4
Re1+ 33. Kf2 Qe7 34. Qf7+ 1-0

[Event "Oberliga Ost B 2018 2019"]
[Site "?"]
[Date "2018.11.11"]
[Round "3.5"]
[White "Nehmert, Ulrich"]
[Black "Dietz, Holger"]
[Result "1/2-1/2"]
[WhiteElo "2217"]
[BlackElo "2314"]
[PlyCount "29"]
[EventDate "2018.10.21"]
[EventType "team-tourn"]
[EventCountry "GER"]
[WhiteTeam "Wiesbadener SV"]
[BlackTeam "Griesheim SV II"]
[WhiteTeamCountry "GER"]
[BlackTeamCountry "GER"]

1. d4 d5 2. c4 c6 3. cxd5 cxd5 4. Bf4 Nf6 5. Nc3 Nc6 6. Nf3 a6 7. Rc1 e6 8. a3
Be7 9. h3 Bd7 10. e3 Na5 11. Ne5 Rc8 12. Bd3 Nc4 13. Qc2 Nxa3 14. O-O Nc4 15.
Nxc4 1/2-1/2